[Event "YUG-ch"]
[Site "Novi Sad"]
[Date "1995.??.??"]
[Round "?"]
[White "Velimirovic, Dragoljub"]
[Black "Tosic, Miroslav"]
[Result "1-0"]
[WhiteElo "2520"]
[BlackElo "2420"]
[PlyCount "59"]
[EventDate "1995.02.??"]
[EventType "tourn"]
[EventRounds "17"]
[EventCountry "YUG"]
[EventCategory "10"]
[Source "ChessBase"]
[SourceDate "1995.12.01"]
[WhiteTeamCountry "YUG"]
[BlackTeamCountry "YUG"]

1. e4 c5 2. Nf3 Nc6 3. d4 cxd4 4. Nxd4 Qc7 5. Nc3 e6 6. Be2 Nf6 7. O-O Be7 8.
Be3 O-O 9. f4 d6 10. f5 Ne5 11. g4 h6 12. g5 hxg5 13. Bxg5 Bd7 14. Qe1 Qc5 15.
Rd1 exf5 16. Be3 Nc4 17. Bxc4 Qxc4 18. Bg5 Rfe8 19. Qh4 Bd8 20. exf5 Bc6 21.
Rf4 Qd5 22. Qh3 g6 23. Qh6 Qe5 24. fxg6 Qe3+ 25. Kf1 Re4 26. gxf7+ Kxf7 27.
Rxf6+ Bxf6 28. Qxf6+ Kg8 29. Bxe3 Rf8 30. Nxe4 1-0

[Event "YUG-ch"]
[Site "Novi Sad"]
[Date "1995.??.??"]
[Round "?"]
[White "Vukic, Milan"]
[Black "Velimirovic, Dragoljub"]
[Result "0-1"]
[WhiteElo "2430"]
[BlackElo "2520"]
[PlyCount "68"]
[EventDate "1995.02.??"]
[EventType "tourn"]
[EventRounds "17"]
[EventCountry "YUG"]
[EventCategory "10"]
[Source "ChessBase"]
[SourceDate "1995.12.01"]
[WhiteTeamCountry "YUG"]
[BlackTeamCountry "YUG"]

1. Nf3 Nf6 2. g3 g6 3. b3 Bg7 4. Bb2 O-O 5. Bg2 c5 6. c4 Nc6 7. O-O d6 8. d4
Bd7 9. Nc3 cxd4 10. Nxd4 Qa5 11. Nd5 Nxd5 12. Bxd5 Qb6 13. e3 a5 14. a4 Nb4 15.
Bg2 Bc6 16. Rb1 Rfd8 17. Qe2 d5 18. Rfd1 e5 19. Nxc6 bxc6 20. cxd5 cxd5 21. e4
d4 22. Ba3 d3 23. Qf3 d2 24. Bf1 Rd6 25. Bc4 Rf6 26. Qe2 Bh6 27. Rxd2 Bxd2 28.
Qxd2 Rd8 29. Qe2 Rfd6 30. Qf3 R8d7 31. Bb2 Nd3 32. Qe2 Nxf2 33. Qxf2 Rd1+ 34.
Kg2 R7d2 0-1

[Event "Pozarevac"]
[Site "Pozarevac"]
[Date "1995.??.??"]
[Round "1"]
[White "Velimirovic, Dragoljub"]
[Black "Milovanovic, Rade"]
[Result "0-1"]
[WhiteElo "2535"]
[BlackElo "2445"]
[PlyCount "102"]
[EventDate "1995.06.??"]
[EventType "tourn"]
[EventRounds "13"]
[EventCountry "YUG"]
[EventCategory "8"]
[Source "ChessBase"]
[SourceDate "1996.01.01"]
[WhiteTeamCountry "YUG"]
[BlackTeamCountry "YUG"]

1. e4 d6 2. d4 Nf6 3. Nc3 g6 4. f4 Bg7 5. Nf3 O-O 6. e5 dxe5 7. dxe5 Qxd1+ 8.
Kxd1 Rd8+ 9. Ke1 Ne8 10. Be3 Nc6 11. Bc4 Nb4 12. Rc1 b6 13. a3 Nc6 14. b4 Bb7
15. Kf2 e6 16. h4 Ne7 17. h5 Nf5 18. hxg6 hxg6 19. Rcd1 Nxe3 20. Kxe3 a5 21.
Rxd8 Rxd8 22. bxa5 Ra8 23. axb6 Rxa3 24. Kd3 cxb6 25. Rb1 Bxf3 26. gxf3 Bh6 27.
Rxb6 Bxf4 28. Bb3 Bxe5 29. Ne4 Ra8 30. Ke2 Nf6 31. Rb5 Nxe4 32. Rxe5 Nd6 33.
Rc5 Kf8 34. Kd3 Rd8 35. Kc3 Nf5 36. Kb4 Nd4 37. Rc3 Rb8+ 38. Ka5 Ke7 39. Ba4
Kd6 40. f4 Ne2 41. Rc4 Kd5 42. Rc7 f5 43. Bb3+ Kd6 44. Rc4 e5 45. fxe5+ Kxe5
46. Rc5+ Ke4 47. Bc4 Nd4 48. Bd3+ Ke3 49. Re5+ Kd2 50. Rd5 Nc6+ 51. Ka4 Nb4 0-1

[Event "Pozarevac"]
[Site "Pozarevac"]
[Date "1995.??.??"]
[Round "2"]
[White "Blagojevic, Dragisa"]
[Black "Velimirovic, Dragoljub"]
[Result "1/2-1/2"]
[WhiteElo "2460"]
[BlackElo "2535"]
[PlyCount "47"]
[EventDate "1995.06.??"]
[EventType "tourn"]
[EventRounds "13"]
[EventCountry "YUG"]
[EventCategory "8"]
[Source "ChessBase"]
[SourceDate "1996.01.01"]
[WhiteTeamCountry "YUG"]
[BlackTeamCountry "YUG"]

1. d4 Nf6 2. Nf3 c5 3. c3 e6 4. e3 d5 5. Bd3 Nc6 6. O-O Qc7 7. Nbd2 cxd4 8.
exd4 Bd6 9. Re1 O-O 10. Nf1 e5 11. dxe5 Nxe5 12. Nxe5 Bxe5 13. Be3 Ng4 14. h3
Nxe3 15. Nxe3 Be6 16. Bf5 Rad8 17. Bxe6 fxe6 18. Qg4 Rf6 19. Qe2 Bh2+ 20. Kh1
Bd6 21. Ng4 Rg6 22. Ne5 Rf6 23. Ng4 Rg6 24. Ne5 1/2-1/2

[Event "Pozarevac"]
[Site "Pozarevac"]
[Date "1995.??.??"]
[Round "4"]
[White "Velimirovic, Dragoljub"]
[Black "Peng Zhaoqin"]
[Result "0-1"]
[WhiteElo "2535"]
[BlackElo "2355"]
[PlyCount "72"]
[EventDate "1995.06.??"]
[EventType "tourn"]
[EventRounds "13"]
[EventCountry "YUG"]
[EventCategory "8"]
[Source "ChessBase"]
[SourceDate "1996.01.01"]
[WhiteTeamCountry "YUG"]
[BlackTeamCountry "YUG"]

1. e4 c5 2. Nf3 d6 3. d4 cxd4 4. Nxd4 Nf6 5. Nc3 a6 6. Bc4 e6 7. Bb3 Nbd7 8. f4
Nc5 9. O-O Be7 10. Be3 Qc7 11. e5 dxe5 12. fxe5 Qxe5 13. Nf5 Ng4 14. Nd6+ Qxd6
15. Qxg4 O-O 16. Bh6 Qe5 17. Rae1 f5 18. Qh3 Qc7 19. Bf4 Bd6 20. Bxd6 Qxd6 21.
Rd1 Qc7 22. Qe3 Nxb3 23. axb3 b5 24. b4 Qa7 25. Rd4 Bd7 26. Rfd1 Rae8 27. Qe5
Bc6 28. Ne2 Be4 29. c3 Qe7 30. Rd6 Qg5 31. Nf4 Qg4 32. h3 Qg3 33. Rxe6 Rxe6 34.
Qxe6+ Kh8 35. Qe7 Qe3+ 36. Kh1 Bxg2+ 0-1

[Event "Pozarevac"]
[Site "Pozarevac"]
[Date "1995.??.??"]
[Round "5"]
[White "Gligoric, Svetozar"]
[Black "Velimirovic, Dragoljub"]
[Result "1/2-1/2"]
[WhiteElo "2455"]
[BlackElo "2535"]
[PlyCount "30"]
[EventDate "1995.06.??"]
[EventType "tourn"]
[EventRounds "13"]
[EventCountry "YUG"]
[EventCategory "8"]
[Source "ChessBase"]
[SourceDate "1996.01.01"]
[WhiteTeamCountry "YUG"]
[BlackTeamCountry "YUG"]

1. d4 Nf6 2. Nf3 c5 3. d5 g6 4. c4 Bg7 5. Nc3 O-O 6. g3 d6 7. Bg2 a6 8. a4 e6
9. O-O exd5 10. cxd5 Nbd7 11. h3 Rb8 12. Bf4 Ne8 13. a5 b5 14. axb6 Nxb6 15.
Qc1 Nc7 1/2-1/2

[Event "Pozarevac"]
[Site "Pozarevac"]
[Date "1995.??.??"]
[Round "6"]
[White "Velimirovic, Dragoljub"]
[Black "Mitrovic, Petar"]
[Result "1/2-1/2"]
[WhiteElo "2535"]
[BlackElo "2380"]
[PlyCount "28"]
[EventDate "1995.06.??"]
[EventType "tourn"]
[EventRounds "13"]
[EventCountry "YUG"]
[EventCategory "8"]
[Source "ChessBase"]
[SourceDate "1996.01.01"]
[WhiteTeamCountry "YUG"]
[BlackTeamCountry "YUG"]

1. e4 e6 2. d4 d5 3. Nc3 Bb4 4. e5 c5 5. a3 Bxc3+ 6. bxc3 Ne7 7. Qg4 Qc7 8. Bd3
h5 9. Qxg7 Rg8 10. Qh6 cxd4 11. Ne2 dxc3 12. f4 Bd7 13. Qxh5 Na6 14. Be3 Nc5
1/2-1/2

[Event "Pozarevac"]
[Site "Pozarevac"]
[Date "1995.??.??"]
[Round "8"]
[White "Velimirovic, Dragoljub"]
[Black "Trifunovic, Miroljub"]
[Result "0-1"]
[WhiteElo "2535"]
[BlackElo "2295"]
[PlyCount "72"]
[EventDate "1995.06.??"]
[EventType "tourn"]
[EventRounds "13"]
[EventCountry "YUG"]
[EventCategory "8"]
[Source "ChessBase"]
[SourceDate "1996.01.01"]
[WhiteTeamCountry "YUG"]
[BlackTeamCountry "YUG"]

1. e4 e5 2. Nf3 Nc6 3. Bb5 a6 4. Ba4 Nf6 5. O-O Be7 6. Re1 b5 7. Bb3 d6 8. c3
O-O 9. h3 Nd7 10. d4 Bf6 11. Be3 Na5 12. Bc2 Nc4 13. Bc1 Bb7 14. a4 exd4 15.
cxd4 c5 16. Qd3 g6 17. b3 cxd4 18. bxc4 Nc5 19. Qa3 d3 20. e5 dxe5 21. Qxc5
dxc2 22. Be3 Rc8 23. Qa3 cxb1=Q 24. Raxb1 Bxf3 25. gxf3 Rxc4 26. axb5 axb5 27.
Qa6 Rh4 28. Red1 Qc8 29. Qxc8 Rxc8 30. Kg2 b4 31. Rd7 e4 32. f4 Bc3 33. Rc1 Re8
34. Rc7 Rh5 35. Bc5 Rf5 36. Kg3 Bd2 0-1

[Event "Pozarevac"]
[Site "Pozarevac"]
[Date "1995.??.??"]
[Round "9"]
[White "Zontakh, Andrey"]
[Black "Velimirovic, Dragoljub"]
[Result "1/2-1/2"]
[WhiteElo "2460"]
[BlackElo "2535"]
[PlyCount "150"]
[EventDate "1995.06.??"]
[EventType "tourn"]
[EventRounds "13"]
[EventCountry "YUG"]
[EventCategory "8"]
[Source "ChessBase"]
[SourceDate "1996.01.01"]
[WhiteTeamCountry "YUG"]
[BlackTeamCountry "YUG"]

1. e4 c5 2. Nf3 Nc6 3. d4 cxd4 4. Nxd4 g6 5. c4 Nf6 6. Nc3 d6 7. Be2 Nxd4 8.
Qxd4 Bg7 9. Be3 O-O 10. Qd2 Be6 11. O-O Qa5 12. Rab1 Rfc8 13. b3 a6 14. Rfc1
Qb4 15. a3 Qa5 16. f3 Nd7 17. Nd5 Qxd2 18. Bxd2 Bxd5 19. cxd5 Bd4+ 20. Kf1 h5
21. g3 Kf8 22. a4 Rab8 23. Kg2 Ke8 24. a5 Kd8 25. b4 Nf6 26. Bd3 Ne8 27. b5
axb5 28. Bxb5 Rxc1 29. Rxc1 Nc7 30. Bd3 Na6 31. Rc4 Bc5 32. Ra4 Rc8 33. f4 Ba7
34. Bb1 Bb8 35. Kf3 Rc5 36. Be3 Rc3 37. Ke2 Bc7 38. Bd4 Rc1 39. Bd3 h4 40. gxh4
Rh1 41. Bxa6 Rxh2+ 42. Kf3 bxa6 43. Bf2 Rh1 44. f5 Kd7 45. fxg6 fxg6 46. Kg4
Rh2 47. Bb6 Rg2+ 48. Kf4 Rb2 49. Bxc7 Kxc7 50. Rc4+ Kd7 51. Rc6 Rh2 52. Kg3 Re2
53. Kf3 Rh2 54. Rxa6 Rxh4 55. Ra8 Rh7 56. Kg4 Rh5 57. Rg8 Rh1 58. a6 Ra1 59.
Ra8 Ra4 60. Kf3 Kc7 61. a7 Kb6 62. Rb8+ Kxa7 63. Re8 Kb6 64. Rxe7 Kc5 65. Re6
g5 66. Kg4 Ra1 67. Kxg5 Rf1 68. Rf6 Rh1 69. Kf5 Rh5+ 70. Kg6 Rh4 71. Re6 Rf4
72. Kg5 Rf1 73. Rf6 Rh1 74. Rf4 Rh8 75. Kg6 Re8 1/2-1/2

[Event "Pozarevac"]
[Site "Pozarevac"]
[Date "1995.??.??"]
[Round "12"]
[White "Velimirovic, Dragoljub"]
[Black "Matulovic, Milan"]
[Result "1/2-1/2"]
[WhiteElo "2535"]
[BlackElo "2455"]
[PlyCount "90"]
[EventDate "1995.06.??"]
[EventType "tourn"]
[EventRounds "13"]
[EventCountry "YUG"]
[EventCategory "8"]
[Source "ChessBase"]
[SourceDate "1996.01.01"]
[WhiteTeamCountry "YUG"]
[BlackTeamCountry "YUG"]

1. e4 c5 2. Nf3 Nc6 3. d4 cxd4 4. Nxd4 Qc7 5. Nc3 e6 6. Be2 a6 7. O-O Nf6 8. a4
Bb4 9. Qd3 O-O 10. Bg5 Qd6 11. Rad1 Qxd4 12. Qxd4 Nxd4 13. Rxd4 Bxc3 14. bxc3
e5 15. Rb4 a5 16. Rc4 d5 17. exd5 Nxd5 18. Rc5 Be6 19. Bf3 Nb6 20. Ra1 f6 21.
Be3 Rfd8 22. Bxb7 Rab8 23. Ba6 Nxa4 24. Rxa5 Nxc3 25. h4 h5 26. Bd3 Nd5 27. Bc5
Nf4 28. Bf1 Bf5 29. c4 Bd3 30. Be3 Bxf1 31. Kxf1 Ne6 32. Rd5 Nd4 33. Bxd4 Rxd5
34. cxd5 exd4 35. Rd1 Rb4 36. Ke2 Kf7 37. Kd3 Ke7 38. Rc1 Kd6 39. Rc4 Rxc4 40.
Kxc4 d3 41. Kxd3 Kxd5 42. Ke3 Ke5 43. g3 Kf5 44. f3 Ke5 45. Kd3 g6 1/2-1/2

[Event "Pozarevac"]
[Site "Pozarevac"]
[Date "1995.??.??"]
[Round "13"]
[White "Dimitrov, Vladimir"]
[Black "Velimirovic, Dragoljub"]
[Result "0-1"]
[WhiteElo "2520"]
[BlackElo "2535"]
[PlyCount "102"]
[EventDate "1995.06.??"]
[EventType "tourn"]
[EventRounds "13"]
[EventCountry "YUG"]
[EventCategory "8"]
[Source "ChessBase"]
[SourceDate "1996.01.01"]
[WhiteTeamCountry "YUG"]
[BlackTeamCountry "YUG"]

1. e4 c5 2. Nf3 Nc6 3. d4 cxd4 4. Nxd4 g6 5. c4 Nf6 6. Nc3 d6 7. Be2 Nxd4 8.
Qxd4 Bg7 9. O-O O-O 10. Bg5 Be6 11. Qe3 Qb6 12. Qd2 Rfc8 13. b3 a6 14. Rac1 Qa5
15. f4 Rc5 16. Qe3 Re8 17. Bh4 b5 18. e5 Nd7 19. Ne4 Rc6 20. cxb5 Rxc1 21. Rxc1
dxe5 22. Qd2 Qxd2 23. Nxd2 axb5 24. Bxb5 Rb8 25. a4 exf4 26. Bxe7 Bd4+ 27. Kf1
Be3 28. Rc2 Bf5 29. Ra2 Rc8 30. Nc4 Bd3+ 31. Ke1 Ne5 32. Bf6 Nxc4 33. bxc4 h6
34. a5 g5 35. h3 Kh7 36. a6 Kg6 37. Be5 Ba7 38. Rd2 Bxc4 39. Rc2 Rc5 40. Bd4
Rxb5 41. Bxa7 Re5+ 42. Kf2 Bxa6 43. Rc6+ Re6 44. Rxe6+ fxe6 45. g3 e5 46. h4
Kf5 47. hxg5 hxg5 48. Bb8 e4 49. gxf4 gxf4 50. Ba7 Bb5 51. Bb6 Be8 0-1

[Event "YUG-chT"]
[Site "Budva"]
[Date "1996.??.??"]
[Round "1"]
[White "Velimirovic, Dragoljub"]
[Black "Pejovic, Branko"]
[Result "1-0"]
[WhiteElo "2510"]
[BlackElo "2335"]
[PlyCount "101"]
[EventDate "1996.??.??"]
[EventType "team"]
[EventRounds "6"]
[EventCountry "YUG"]
[Source "ChessBase"]
[SourceDate "1996.09.01"]
[WhiteTeamCountry "YUG"]
[BlackTeamCountry "YUG"]

1. e4 c5 2. Nf3 Nc6 3. Bb5 d6 4. O-O a6 5. Bxc6+ bxc6 6. c3 Bg4 7. h3 Bh5 8. d4
Qb6 9. Nbd2 e6 10. b3 d5 11. Re1 Nf6 12. e5 Nd7 13. Bb2 Be7 14. Nf1 Bg6 15. Ng3
a5 16. Ba3 O-O 17. Qd2 h6 18. Rac1 a4 19. dxc5 Bxc5 20. b4 Be7 21. c4 Rfd8 22.
c5 Qa6 23. Nd4 Rac8 24. Rc3 Bh4 25. Bc1 Qa7 26. a3 Nf8 27. Qd1 Qe7 28. Qxa4 Qd7
29. Qd1 f5 30. Nf1 Nh7 31. Nh2 Bg5 32. f4 Be7 33. Be3 Bf7 34. Qd2 Kh8 35. a4
Qa7 36. Qc2 g5 37. Nhf3 Rg8 38. fxg5 Bxg5 39. b5 Bxe3+ 40. Rexe3 f4 41. Re2 Bg6
42. Qa2 cxb5 43. axb5 Qe7 44. b6 Be4 45. Qa7 Qe8 46. b7 Rc7 47. Rb3 Bxf3 48.
Nxf3 Qb8 49. Qxb8 Rxb8 50. c6 Rxc6 51. Ra2 1-0

[Event "YUG-chT"]
[Site "Budva"]
[Date "1996.??.??"]
[Round "2"]
[White "Marinkovic, Ivan"]
[Black "Velimirovic, Dragoljub"]
[Result "1/2-1/2"]
[WhiteElo "2490"]
[BlackElo "2510"]
[PlyCount "87"]
[EventDate "1996.??.??"]
[EventType "team"]
[EventRounds "6"]
[EventCountry "YUG"]
[Source "ChessBase"]
[SourceDate "1996.09.01"]
[WhiteTeamCountry "YUG"]
[BlackTeamCountry "YUG"]

1. e4 c5 2. Nc3 Nc6 3. Nge2 g6 4. d4 cxd4 5. Nxd4 Bg7 6. Nde2 d6 7. h3 Bd7 8.
g3 Nf6 9. Bg2 Qc8 10. b3 O-O 11. Bb2 a5 12. Rb1 Nb8 13. Nf4 e6 14. Qxd6 Rd8 15.
Qd2 Bb5 16. Nd3 Ba6 17. O-O Nc6 18. Na4 Qc7 19. Nac5 Nb4 20. Nxa6 Rxa6 21. a3
Nxc2 22. Rbc1 Rc6 23. Bxf6 Bxf6 24. e5 Bg5 25. Qxg5 Rxd3 26. Bxc6 Qxc6 27. b4
a4 28. h4 h5 29. Rfd1 Qd5 30. Rxd3 Qxd3 31. Qf4 b5 32. Kg2 Qd5+ 33. Kh2 Qd3 34.
Kg2 Qd5+ 35. Kh2 Qd3 36. Kh3 Qe2 37. f3 Kf8 38. Qh6+ Ke7 39. Qg5+ Ke8 40. Qf6
Qd2 41. Qg5 Qe2 42. Qf6 Qd2 43. Qg5 Qe2 44. Qf6 1/2-1/2

[Event "YUG-chT"]
[Site "Budva"]
[Date "1996.??.??"]
[Round "3"]
[White "Drasko, Milan"]
[Black "Velimirovic, Dragoljub"]
[Result "1/2-1/2"]
[WhiteElo "2505"]
[BlackElo "2510"]
[PlyCount "128"]
[EventDate "1996.??.??"]
[EventType "team"]
[EventRounds "6"]
[EventCountry "YUG"]
[Source "ChessBase"]
[SourceDate "1996.09.01"]
[WhiteTeamCountry "YUG"]
[BlackTeamCountry "YUG"]

1. d4 c5 2. d5 Nf6 3. c4 e6 4. Nc3 exd5 5. cxd5 d6 6. Nf3 g6 7. g3 Bg7 8. Bg2
O-O 9. O-O Na6 10. Nd2 Nc7 11. Nc4 Nh5 12. a4 b6 13. e4 Ba6 14. Qd3 Bxc4 15.
Qxc4 a6 16. Be3 Qd7 17. Rfe1 b5 18. Qf1 b4 19. Nd1 f5 20. e5 f4 21. Bh3 Qd8 22.
Bxc5 dxc5 23. d6 fxg3 24. hxg3 Kh8 25. Qc4 Qg5 26. Qg4 Qd8 27. Rc1 Rf5 28. Qe4
Rxe5 29. dxc7 Qe8 30. Qxe5 Bxe5 31. Rxc5 Bxc7 32. Rxe8+ Rxe8 33. Rxc7 Re1+ 34.
Kg2 Rxd1 35. Bg4 Rb1 36. Bxh5 gxh5 37. Rc6 Rxb2 38. Rxa6 Ra2 39. a5 h4 40. gxh4
b3 41. Kg3 b2 42. Rb6 Kg7 43. Kg4 Rxa5 44. Rxb2 h5+ 45. Kg3 Ra4 46. Rb7+ Kg6
47. Rb6+ Kg7 48. f3 Rc4 49. Re6 Ra4 50. Re4 Ra5 51. Rb4 Rf5 52. Kf2 Re5 53. Re4
Ra5 54. Ke3 Kf6 55. Rb4 Re5+ 56. Kd4 Ra5 57. Ke4 Re5+ 58. Kf4 Rf5+ 59. Kg3 Kg6
60. Rb6+ Kg7 61. f4 Ra5 62. Kf3 Ra3+ 63. Ke4 Ra4+ 64. Ke5 Ra5+ 1/2-1/2

[Event "YUG-chT"]
[Site "Budva"]
[Date "1996.??.??"]
[Round "4"]
[White "Velimirovic, Dragoljub"]
[Black "Mozetic, Dejan"]
[Result "1/2-1/2"]
[WhiteElo "2510"]
[BlackElo "2495"]
[PlyCount "32"]
[EventDate "1996.??.??"]
[EventType "team"]
[EventRounds "6"]
[EventCountry "YUG"]
[Source "ChessBase"]
[SourceDate "1996.09.01"]
[WhiteTeamCountry "YUG"]
[BlackTeamCountry "YUG"]

1. e4 e5 2. Nf3 Nc6 3. Bb5 a6 4. Ba4 Nf6 5. O-O Be7 6. Re1 b5 7. Bb3 d6 8. c3
O-O 9. h3 Na5 10. Bc2 c5 11. d4 Qc7 12. Nbd2 Bd7 13. Nf1 Rfe8 14. Ng3 cxd4 15.
cxd4 Rac8 16. Bb1 Bd8 1/2-1/2

[Event "YUG-chT"]
[Site "Budva"]
[Date "1996.??.??"]
[Round "5"]
[White "Sakaev, Konstantin"]
[Black "Velimirovic, Dragoljub"]
[Result "1-0"]
[WhiteElo "2560"]
[BlackElo "2510"]
[PlyCount "163"]
[EventDate "1996.??.??"]
[EventType "team"]
[EventRounds "6"]
[EventCountry "YUG"]
[Source "ChessBase"]
[SourceDate "1996.09.01"]
[WhiteTeamCountry "YUG"]
[BlackTeamCountry "YUG"]

1. d4 c5 2. d5 Nf6 3. c4 g6 4. Nc3 Bg7 5. e4 O-O 6. Nf3 d6 7. h3 e6 8. Bd3 exd5
9. cxd5 b5 10. Bxb5 Nxe4 11. Nxe4 Qa5+ 12. Nfd2 Qxb5 13. Nxd6 Qd3 14. N2c4
Qxd1+ 15. Kxd1 Bd7 16. Ke2 Na6 17. Be3 Rfb8 18. Rab1 Nb4 19. Bxc5 Nxd5 20. Rhd1
Be6 21. Kf1 Nb6 22. b3 Nxc4 23. Nxc4 Rc8 24. Be3 Bxc4+ 25. bxc4 Rxc4 26. Rd7 a5
27. Rbb7 Rf8 28. Ra7 a4 29. g3 h5 30. h4 Bb2 31. Bh6 Bd4 32. Rab7 Bg7 33. Bf4
Rxf4 34. gxf4 a3 35. f5 gxf5 36. Rb3 Bb2 37. Rg3+ Kh7 38. Rg5 Kh6 39. Rxf5 f6
40. Rdd5 Rc8 41. Rxh5+ Kg6 42. Rc5 Re8 43. Rhd5 Re4 44. h5+ Kh6 45. Rc8 Be5 46.
Ra8 Kxh5 47. Rxa3 Kg6 48. Ra8 Rb4 49. a4 Rb2 50. Rc8 Rb4 51. a5 Ra4 52. Rc6 Kf5
53. a6 Ke4 54. Rd2 Ra3 55. Ke2 Ra4 56. f3+ Kf4 57. Rd3 Ra2+ 58. Kd1 Kf5 59. Kc1
Kf4 60. Rc4+ Kf5 61. f4 Bb8 62. Rd5+ Kg4 63. Rb5 Ba7 64. f5+ Kg5 65. Rc6 Bd4
66. Rd5 Be5 67. Rd7 Bf4+ 68. Kb1 Ra5 69. Kc2 Be3 70. Kd3 Bf2 71. Ke2 Bc5 72.
Rd5 Ra2+ 73. Rd2 Ra5 74. Kd3 Ba7 75. Kc4 Ra1 76. Rd7 Bf2 77. Rdd6 Ra4+ 78. Kb5
Ra2 79. Rxf6 Bd4 80. Rf7 Be5 81. a7 Bd4 82. Ra6 1-0

[Event "YUG-chT"]
[Site "Budva"]
[Date "1996.??.??"]
[Round "6"]
[White "Velimirovic, Dragoljub"]
[Black "Tseshkovsky, Vitaly"]
[Result "1/2-1/2"]
[WhiteElo "2510"]
[BlackElo "2540"]
[PlyCount "99"]
[EventDate "1996.??.??"]
[EventType "team"]
[EventRounds "6"]
[EventCountry "YUG"]
[Source "ChessBase"]
[SourceDate "1996.09.01"]
[WhiteTeamCountry "YUG"]
[BlackTeamCountry "YUG"]

1. e4 e5 2. Nf3 Nc6 3. c3 Nf6 4. d4 Nxe4 5. d5 Ne7 6. Nxe5 Ng6 7. Qe2 Qe7 8.
Qxe4 Qxe5 9. Qxe5+ Nxe5 10. Be3 d6 11. Na3 a6 12. Bd4 Bf5 13. O-O-O O-O-O 14.
Nc2 Re8 15. Ne3 Bd7 16. Be2 Be7 17. Rhe1 Bg5 18. Kc2 Re7 19. g3 Bxe3 20. Bxe3
Rhe8 21. Rd4 g6 22. Rg1 h5 23. Bg5 Nc6 24. Bxe7 Nxd4+ 25. cxd4 Rxe7 26. Bf3 Bg4
27. Bxg4+ hxg4 28. Kd2 Re4 29. Kd3 Re8 30. Rh1 Rh8 31. Ke4 Rh5 32. f3 gxf3 33.
h4 Kd8 34. Kxf3 Rxd5 35. g4 Ke7 36. Ke4 Rb5 37. h5 Kf8 38. h6 Kg8 39. Rf1 Rxb2
40. h7+ Kxh7 41. Rxf7+ Kh6 42. Rxc7 Kg5 43. Kd5 b5 44. Kxd6 Rxa2 45. d5 b4 46.
Rb7 a5 47. Ke7 Re2+ 48. Kf7 Rf2+ 49. Ke7 Re2+ 50. Kf7 1/2-1/2

[Event "YUG-chT"]
[Site "Niksic"]
[Date "1996.??.??"]
[Round "?"]
[White "Damjanovic, Vladimir"]
[Black "Velimirovic, Dragoljub"]
[Result "1/2-1/2"]
[WhiteElo "2395"]
[BlackElo "2510"]
[PlyCount "111"]
[EventDate "1996.??.??"]
[EventType "team"]
[EventRounds "12"]
[EventCountry "YUG"]
[Source "ChessBase"]
[SourceDate "1999.11.16"]
[WhiteTeamCountry "YUG"]
[BlackTeamCountry "YUG"]

1. e4 c5 2. Nf3 Nc6 3. d4 cxd4 4. Nxd4 g6 5. c4 Nf6 6. Nc3 d6 7. Be2 Nxd4 8.
Qxd4 Bg7 9. Bg5 O-O 10. Qe3 Be6 11. O-O Qb6 12. b3 Rfc8 13. Rac1 Qxe3 14. Bxe3
Bd7 15. f3 a5 16. c5 Be6 17. Na4 Re8 18. Bb5 Rf8 19. cxd6 exd6 20. Rfd1 Ne8 21.
Nb6 Rd8 22. Nc4 Nc7 23. a4 Nxb5 24. axb5 d5 25. exd5 Rxd5 26. Rxd5 Bxd5 27.
Nxa5 f5 28. Rd1 f4 29. Bd4 Rf5 30. Bxg7 Kxg7 31. Nc4 Kf8 32. h4 Be6 33. Rd6 Ke7
34. Rb6 Bd5 35. g4 Rf6 36. Rxf6 Kxf6 37. Kf2 h6 38. Ke2 Ke7 39. g5 hxg5 40.
hxg5 Kd8 41. Ne5 Bxb3 42. Nxg6 Bc4+ 43. Kd2 Bxb5 44. Nxf4 Ke7 45. Ke3 Kf7 46.
Nd5 Kg6 47. Kf4 Be2 48. Ne7+ Kf7 49. Nf5 Kg6 50. Nd4 Bd1 51. Ke5 Kxg5 52. f4+
Kg6 53. f5+ Kf7 54. Nb5 b6 55. Nd6+ Kf8 56. f6 1/2-1/2

[Event "YUG-chT"]
[Site "Niksic"]
[Date "1996.??.??"]
[Round "?"]
[White "Komarov, Dimitri"]
[Black "Velimirovic, Dragoljub"]
[Result "1-0"]
[WhiteElo "2595"]
[BlackElo "2510"]
[PlyCount "67"]
[EventDate "1996.??.??"]
[EventType "team"]
[EventRounds "12"]
[EventCountry "YUG"]
[Source "ChessBase"]
[SourceDate "1999.11.16"]
[WhiteTeamCountry "YUG"]
[BlackTeamCountry "YUG"]

1. d4 c5 2. d5 Nf6 3. Nf3 g6 4. c4 Bg7 5. Nc3 O-O 6. e4 d6 7. Bd3 e6 8. O-O
exd5 9. exd5 Bg4 10. h3 Bxf3 11. Qxf3 Nbd7 12. Qd1 Ne8 13. Bd2 Nc7 14. Qc2 Re8
15. Rae1 a6 16. Ne4 Ne5 17. Be2 b5 18. b3 f5 19. Bg5 Qd7 20. Nf6+ Bxf6 21. Bxf6
Qf7 22. Bg5 f4 23. g3 f3 24. Bd1 Qd7 25. Kh2 Rf8 26. Bf4 Rf5 27. Bxe5 dxe5 28.
Re4 bxc4 29. bxc4 Raf8 30. Rfe1 h5 31. R1e3 Ne8 32. Rxe5 h4 33. Rxf5 Rxf5 34.
Bxf3 1-0

[Event "YUG-chT"]
[Site "Niksic"]
[Date "1996.??.??"]
[Round "?"]
[White "Maksimenko, Andrei"]
[Black "Velimirovic, Dragoljub"]
[Result "1-0"]
[WhiteElo "2545"]
[BlackElo "2510"]
[PlyCount "127"]
[EventDate "1996.??.??"]
[EventType "team"]
[EventRounds "12"]
[EventCountry "YUG"]
[Source "ChessBase"]
[SourceDate "1999.11.16"]
[WhiteTeamCountry "YUG"]
[BlackTeamCountry "YUG"]

1. e4 c5 2. c3 e6 3. Nf3 d5 4. exd5 exd5 5. Bb5+ Nc6 6. Qe2+ Qe7 7. Ne5 Bd7 8.
Bxc6 bxc6 9. O-O Kd8 10. Re1 f6 11. Nxd7 Qxe2 12. Rxe2 Kxd7 13. d3 Bd6 14. c4
Ne7 15. Nc3 Rhe8 16. Bd2 dxc4 17. dxc4 Nf5 18. Rxe8 Rxe8 19. Rd1 Kc7 20. Na4 h5
21. h3 Re6 22. Kf1 g5 23. Ba5+ Kc8 24. b3 Nh4 25. Bd2 Kc7 26. Ba5+ Kc8 27. Bd2
Kc7 28. Bc1 Ng6 29. Rd3 g4 30. hxg4 hxg4 31. Bd2 f5 32. Re3 Nf8 33. Ke2 Kd7 34.
Rxe6 Nxe6 35. g3 Be5 36. Be3 Kd6 37. Kd3 Bd4 38. Bxd4 cxd4 39. b4 Ke5 40. Nb2
f4 41. a3 a6 42. Na4 fxg3 43. fxg3 Kf5 44. Nb2 Ke5 45. Na4 Kf5 46. Nb2 Ke5 47.
Nd1 a5 48. bxa5 Nc5+ 49. Ke2 Kd6 50. Nf2 Na4 51. a6 Kc7 52. Nxg4 Nc5 53. a7 Kb7
54. Ne5 Ne4 55. g4 c5 56. Nf3 Kxa7 57. g5 Kb6 58. g6 Kc6 59. Ng5 Nf6 60. Kf3
Nh5 61. Ne4 Kb6 62. Kg4 Ng7 63. Kg5 d3 64. Kf4 1-0

[Event "YUG-chT"]
[Site "Niksic"]
[Date "1996.??.??"]
[Round "?"]
[White "Velimirovic, Dragoljub"]
[Black "Beliavsky, Alexander"]
[Result "1-0"]
[WhiteElo "2510"]
[BlackElo "2620"]
[PlyCount "143"]
[EventDate "1996.??.??"]
[EventType "team"]
[EventRounds "12"]
[EventCountry "YUG"]
[Source "ChessBase"]
[SourceDate "1999.11.16"]
[WhiteTeamCountry "YUG"]
[BlackTeamCountry "YUG"]

1. e4 d6 2. d4 Nf6 3. Nc3 g6 4. f4 Bg7 5. Nf3 c5 6. Bb5+ Bd7 7. e5 Ng4 8. Bxd7+
Qxd7 9. d5 dxe5 10. h3 e4 11. Nxe4 Nf6 12. Nxf6+ Bxf6 13. O-O O-O 14. Be3 c4
15. Ne5 Qf5 16. Qf3 Nd7 17. Nxd7 Qxd7 18. c3 Qb5 19. Rf2 Rad8 20. Rd1 e6 21. d6
Rd7 22. g4 Rfd8 23. f5 exf5 24. gxf5 Rxd6 25. Rxd6 Rxd6 26. fxg6 hxg6 27. Bd4
Qf5 28. Qxf5 gxf5 29. Bxa7 Rd5 30. a3 Kg7 31. Kg2 Kg6 32. Bd4 Bg5 33. Kf3 f6
34. Rh2 Rd8 35. h4 Rh8 36. Bf2 Kf7 37. Be3 Bh6 38. Bf4 Bf8 39. h5 Rh7 40. a4
Bc5 41. Rh4 Kg8 42. Bc1 Bd6 43. h6 Rc7 44. Rh5 Rc5 45. Bf4 Bf8 46. h7+ Kh8 47.
Bh6 Bxh6 48. Rxh6 Rc6 49. Kf4 Rb6 50. Rh2 Ra6 51. Kxf5 Rxa4 52. Rd2 Ra6 53. Kg6
f5+ 54. Kxf5 Rb6 55. Rh2 Rb5+ 56. Ke4 Rg5 57. Kd4 b5 58. Re2 Rg4+ 59. Kc5 Rg5+
60. Kb4 Kxh7 61. Re6 Kg7 62. Rb6 Rg2 63. Rxb5 Rxb2+ 64. Kxc4 Rf2 65. Re5 Rf8
66. Re1 Rc8+ 67. Kb4 Rb8+ 68. Ka5 Rc8 69. Rc1 Kf6 70. c4 Ke6 71. Kb6 Rf8 72. c5
1-0